[Event "Budapest Karacsonyi 7th"]
[Site "Budapest"]
[Date "2015.12.30"]
[Round "7"]
[White "Szlenka, Attila"]
[Black "Selim, Tareq"]
[Result "1/2-1/2"]
[WhiteElo "1736"]
[BlackElo "1631"]
[PlyCount "78"]
[EventDate "2015.12.27"]
[EventType "swiss"]
[EventRounds "7"]
[EventCountry "HUN"]
[SourceTitle "CBM 170 Extra"]
[Source "ChessBase"]
[SourceDate "2016.02.25"]
[SourceVersion "1"]
[SourceVersionDate "2016.02.25"]
[SourceQuality "1"]

1. c4 c5 2. Nc3 Nc6 3. g3 g6 4. Bg2 Bg7 5. e3 e5 6. Nge2 Nge7 7. 0-0 0-0 8. Nd5 Nf5 9. Nec3 Rb8 10. a3 a6 11. b4 d6 12. Rb1 Be6 13. b5 Nce7 14. d3 Nxd5 15. Nxd5 Ne7 16. e4 Nxd5 17. exd5 Bd7 18. bxa6 bxa6 19. Bd2 f5 20. f4 Qc7 21. Qc2 Rxb1 22. Rxb1 Rb8 23. Bf3 h5 24. Rb3 Kh7 25. Qb1 Rxb3 26. Qxb3 Bf6 27. h4 Bg7 28. Kf2 Kg8 29. Ke2 Kf8 30. Bc3 Be8 31. Qb2 exf4 32. Bxg7+ Qxg7 33. Qxg7+ Kxg7 34. gxf4 Kf6 35. d4 a5 36. Kd3 a4 37. Bd1 Ke7 38. Kc3 Bd7 39. Bf3 Be8 1/2-1/2